Statistics for Lana Del Rey - Chemtrails Over the Country Club Lyrics

Click here to take the quiz!

General Stats

  • This quiz has been taken 52 times
  • The average score is 272 of 317

Answer Stats

Answer% Correct
chemtrails
100%
club
100%
country
100%
I
100%
I'm
100%
over
100%
the
100%
The
100%
You
100%
you
100%
and
97%
in
97%
me
97%
Me
97%
no
97%
play
97%
cool
95%
it
95%
just
95%
my
95%
My
95%
not
95%
on
95%
playin'
95%
sister
95%
what
95%
What
95%
Go
92%
pool
92%
run
92%
swimming
92%
we
92%
We
92%
with
92%
love
89%
nothing
89%
so
89%
sweet
89%
Under
89%
under
89%
when
89%
wrong
89%
contemplating
87%
for
87%
God
87%
There's
87%
at
84%
Cancer
84%
coffee
84%
daughter
84%
is
84%
jewels
84%
kids
84%
kids'
84%
Leo
84%
moon
84%
Nobody's
84%
nobody's
84%
son
84%
sun
84%
to
84%
Watching
84%
your
84%
you're
84%
(You're
84%
You're
84%
do
82%
Meet
82%
moon's
82%
our
82%
water
82%
wind
82%
Baby
79%
baby
79%
elementary
79%
fun
79%
sign?
79%
Wearin'
79%
as
76%
don't
76%
market
76%
Market
76%
or
76%
unhappy
76%
what's
76%
won't
76%
about
74%
car
74%
gets
74%
red
74%
schools
74%
sports
74%
still
74%
they
74%
were
74%
wild
74%
bored
71%
care
71%
It's
71%
little
71%
of
71%
pools
71%
summer
71%
Take
71%
all
68%
beautiful
68%
doing
68%
down
68%
Drag
68%
laugh
68%
out
68%
racing
68%
settles
68%
think
68%
Well
68%
we'll
68%
laundry
66%
normality
66%
strange
66%
unhinged
66%
Like
63%
Washing
63%
deep
61%
give
61%
hair
61%
next?
61%
turquoise
61%
TV
61%
up
61%
want
61%
born
58%
clubs
58%
December
58%
June)
58%
Late
58%
late
58%
Maybe
58%
this
58%
too
58%
Brentwood
55%
how
55%
never
55%
yeah
55%
night
53%
picket
50%
Suburbia
50%
White
50%

Score Distribution

Percentile by Number Answered

Percent of People with Each Score

Your Score History

You have not taken this quiz